000 00555nam a22001937a 4500
003 OSt
005 20250327112132.0
008 250204s2011 ag ||||| |||| 00| 1 spa d
020 _a9789870420477
040 _cbesoc
100 1 _aCortázar, Julio,
_d1914-1984
_eautor
245 1 0 _a62 Modelo para armar /
_cJulio Cortázar
246 _aSesenta y dos modelo para armar
260 _aBuenos Aires :
_bAlfaguara,
_c2011
300 _a350 p.
490 0 _aBiblioteca Julio Cortázar
650 4 _aLiteratura argentina
_vNovela
_ySiglo XX
942 _2udc
_cOG
_n0
999 _c462
_d462